Crisis y renovación en la izquierda salvadoreña /

Guardado en:
Bibliografiske detaljer
Hovedforfatter: Guido Béjar, Rafael
Format: Texto
Tags: Tilføj Tag
Ingen Tags, Vær først til at tagge denne postø!

MARC

LEADER 00000 a a2200000 04500
001 47482
003
040
100 |a Guido Béjar, Rafael  
245 |a Crisis y renovación en la izquierda salvadoreña /  |c Rafael Guido Béjar  
773 |g número2, (1994), páginas 24-31  
999 |c 31566  |d 31566